书目信息 |
| 题名: |
精编英汉·汉英电力技术词汇
|
|
| 作者: | 郑仰成 , 柴建芳 , 李德胜 主编 | |
| 分册: | ||
| 出版信息: | 北京 中国水利水电出版社 2004.01 |
|
| 页数: | 410页 | |
| 开本: | 21cm | |
| 丛书名: | 加入WTO电力行业英语学习丛书 | |
| 单 册: | ||
| 中图分类: | TM-61 | |
| 科图分类: | ||
| 主题词: | 电力工业--工业技术--词汇--英语--汉语 | |
| 电子资源: | ||
| ISBN: | 7-5084-1750-X | |
| 000 | 01256nam 2200289 450 | |
| 001 | 0152940117 | |
| 005 | 20050531091218.30 | |
| 010 | @a7-5084-1750-X@dCNY 28.00 | |
| 100 | @a20050114d2004 km y0chiy0120 ea | |
| 101 | 0 | @achi@aeng |
| 102 | @aCN@b110000 | |
| 105 | @ay z 000yy | |
| 200 | 1 | @a精编英汉·汉英电力技术词汇@Ajing bian ying han·han ying dian li ji shu ci hui@f主编郑仰成, 柴建芳, 李德胜@Fzhu bian zheng yang cheng,chai jian fang,li de sheng |
| 210 | @a北京@c中国水利水电出版社@d2004.01 | |
| 215 | @a410页@d21cm | |
| 225 | 2 | @a加入WTO电力行业英语学习丛书 |
| 330 | @a本书以强电为主,收录了电力系统中发电、输电、变电、配电等各生产环节所涉及到的词汇3万余条,均按英文字母顺序编排,查阅方便。同时还附有常用电力专业缩略词表、常用电磁学名词术语和法定计量单位。 | |
| 333 | @a电力系统科研、设计、施工和运行的工程技术人员, 大中专院校相关专业师生. | |
| 410 | 0 | @12001 @a加入WTO电力行业英语学习丛书 |
| 517 | 1 | @a英汉汉英电力技术词汇@Aying han han ying dian li ji shu ci hui |
| 606 | 0 | @a电力工业@x工业技术@x词汇@x英语@x汉语 |
| 690 | @aTM-61@v4 | |
| 701 | 0 | @a郑仰成@Azheng yang cheng@4主编 |
| 701 | 0 | @a柴建芳@Achai jian fang@4主编 |
| 701 | 0 | @a李德胜@Ali de sheng@4主编 |
| 801 | 0 | @aCN@bQSSK@c20050531 |
| 905 | @a10447@dTM-61@eZ455 | |
| 精编英汉·汉英电力技术词汇/主编郑仰成, 柴建芳, 李德胜.-北京:中国水利水电出版社,2004.01 |
| 410页;21cm.-(加入WTO电力行业英语学习丛书) |
| 使用对象:电力系统科研、设计、施工和运行的工程技术人员, 大中专院校相关专业师生. |
| ISBN 7-5084-1750-X:CNY 28.00 |
| 本书以强电为主,收录了电力系统中发电、输电、变电、配电等各生产环节所涉及到的词汇3万余条,均按英文字母顺序编排,查阅方便。同时还附有常用电力专业缩略词表、常用电磁学名词术语和法定计量单位。 |
| ● |
| 相关链接 |
|
|
|
正题名:精编英汉·汉英电力技术词汇
索取号:TM-61/Z455
 
预约/预借
| 序号 | 登录号 | 条形码 | 馆藏地/架位号 | 状态 | 备注 |
| 1 | 499666 | 204996665 | 自科库301/ [索取号:TM-61/Z455] | 在馆 | |
| 2 | 499667 | 204996674 | 自科库301/301自科库 3排4列5层/ [索取号:TM-61/Z455] | 在馆 | |
| 3 | 499668 | 204996683 | 自科库301/301自科库 3排4列5层/ [索取号:TM-61/Z455] | 在馆 |